Catálogo

Vista normal Vista MARC

Entrada Personal Name

Número de registros utilizados en: 1

001 - CONTROL NUMBER

  • control field: 7211

003 - CONTROL NUMBER IDENTIFIER

  • control field: DLC

005 - DATE AND TIME OF LATEST TRANSACTION

  • control field: 20210316113407.0

008 - FIXED-LENGTH DATA ELEMENTS

  • fixed length control field: 790709n| azannaabn |b aaa

010 ## - LIBRARY OF CONGRESS CONTROL NUMBER

  • LC control number: 79056228

035 ## - SYSTEM CONTROL NUMBER

  • System control number: (OCoLC)oca00289332

040 ## - CATALOGING SOURCE

  • Original cataloging agency: DLC
  • Language of cataloging: spa
  • Description conventions: rda
  • Transcribing agency: Mx-PuUPA
  • Modifying agency: DLC
  • Modifying agency: DNLM
  • Modifying agency: WaU
  • Modifying agency: CSt-HC
  • Modifying agency: CSt
  • Modifying agency: Mx-PuUPA

046 ## - SPECIAL CODED DATES

  • Birth date: 18951203
  • Death date: 19821009

100 1# - HEADING--PERSONAL NAME

  • Personal name: Freud, Anna,
  • Dates associated with a name: 1895-1982

370 ## - ASSOCIATED PLACE

  • Place of birth: Viena, Imperio austrohúngaro
  • Place of death: Londres, Reino Unido
  • Associated country: Austria

372 ## - FIELD OF ACTIVITY

  • Field of activity: Psicoanálisis
  • Field of activity: Psicología infantil

374 ## - OCCUPATION

  • Occupation: Autora

374 ## - OCCUPATION

  • Occupation: Psicoanalista austríaca

375 ## - GENDER

  • Gender: mujer

377 ## - ASSOCIATED LANGUAGE

  • Language code: eng
  • Source of code: MARC code list for languages

400 1# - SEE FROM TRACING--PERSONAL NAME

  • Personal name: Froid, Anah,
  • Dates associated with a name: 1895-1982

400 1# - SEE FROM TRACING--PERSONAL NAME

  • Personal name: פריוד, אנה

670 ## - SOURCE DATA FOUND

  • Source citation: Her Introduction to the technic of child analysis ... 1928.

670 ## - SOURCE DATA FOUND

  • Source citation: Anna Freud zur Einführung, c1995:
  • Information found: cover (1895-1982)

670 ## - SOURCE DATA FOUND

  • Source citation: Mavo le-torah ha-psikho-analizah, 1930 or 1931:
  • Information found: t.p. (אנה פרויד = Anah Froid)

670 ## - SOURCE DATA FOUND

  • Source citation: LC special project memo, Feb. 6, 2006:
  • Information found: (d. 1982)

670 ## - SOURCE DATA FOUND

  • Source citation: Oxford biog. index, via WWW, July 22, 2008
  • Information found: (Freud, Anna (1895-1982), psychoanalyst)

670 ## - SOURCE DATA FOUND

  • Source citation: Oxford dict. of national biog., via WWW, July 22, 2008
  • Information found: (Freud, Anna (1895-1982), psychoanalyst; b. 3 Dec. 1895 at Berggasse 19, Vienna, the third daughter and sixth and youngest child of Sigmund Freud (1856-1939); d. at home on 9 Oct. 1982)

670 ## - SOURCE DATA FOUND

  • Source citation: Biblioteca del congreso (Estados Unidos), 11 mayo 2018:
  • Information found: catálogo electrónico
  • Uniform Resource Identifier: https://goo.gl/ANX1KX